Sports Quiz

Random Sports or NCAA Quiz

NCAA Leading Rusher by Year Quiz Stats

Quiz Updated Jan 9, 2018

Also try: NCAA FCS Nicknames
Challenge
Share
Tweet
Embed
Score 0/38 Timer 08:00
0 Plays Today
Year Player % Correct
1997Ricky Williams
85%
1998Ricky Williams
85%
2005DeAngelo Williams
84.4%
1999LaDainian Tomlinson
81%
2000LaDainian Tomlinson
81%
1988Barry Sanders
78.3%
2013Andre Williams
74.2%
2010LaMichael James
67.8%
2015Derrick Henry
67.2%
2002Larry Johnson
66.6%
1993LeShon Johnson
66.1%
2009Toby Gerhart
62.1%
2011Montee Ball
61.5%
2007Kevin Smith
59.1%
2008Donald Brown
56.1%
2014Melvin Gordon
55.5%
1981Marcus Allen
50.6%
1992Marshall Faulk
45.5%
1994Rashaan Salaam
38.8%
Year Player % Correct
2003Darren Sproles
34.9%
1995Troy Davis
28.2%
1996Troy Davis
28.2%
1980George Rogers
28%
2006Garrett Wolfe
26.4%
2017Rashaad Penny
25.3%
1983Mike Rozier
25.1%
2016Donnel Pumphrey
25.1%
1985Lorenzo White
23.3%
2012Ka'Deem Carey
20.2%
2004J.J. Arrington
15.7%
1989Anthony Thompson
13.5%
1982Ernest Anderson
8.2%
1990Darren Lewis
7.8%
1984Keith Byars
5.6%
1986Paul Palmer
5.4%
1987Elbert Woods
3.2%
1991Vaughn Dunbar
2.7%
2001Chance Kretschmer
1.2%

You're not logged in!

Compare scores with friends on all Sporcle quizzes.
Sign Up with Email
OR
Log In

You Might Also Like...

Show Comments

Extras

Top Quizzes Today


Score Distribution

Your Account Isn't Verified!

In order to create a playlist on Sporcle, you need to verify the email address you used during registration. Go to your Sporcle Settings to finish the process.

Report this User

Report this user for behavior that violates our Community Guidelines.

Details: